| 000 | 00418nam a22001457u 4500 | ||
|---|---|---|---|
| 008 | 130405s1987 xxu||||| |||| 00| 0 spa d | ||
| 041 | _aspa | ||
| 245 | 0 | 0 |
_aCiudad y calidad de vida _cJosé Antonio Corraliza Rodriguez |
| 260 |
_aMadrid: _bCaritas Española, _c1987 |
||
| 300 |
_a257 p. _c;20 cm. |
||
| 650 | 0 | 4 |
_aSociología _915857 |
| 700 | 1 |
_aCorraliza Rodriguez, José Antonio _945537 |
|
| 942 | _cBK | ||
| 001 | 43939 | ||
| 999 |
_c291337 _d291337 |
||